000
00298nam a2200109Ia 4500
008
230302s9999 xx 000 0 und d
082
_a
B005.4'3STA
100
_a
STALLINGS(WILLIAMS)
245
_a
Operating Systems internals and design Principles
260
_a
NEW DELHI
_b
PEARSON
365
_c
RS
999
_c
148321
_d
148321